| Tag |
First Indicator |
Second Indicator |
Subfields |
| LEADER |
00000cam a2200000 i 4500 |
| 001 |
in00000012920 |
| 005 |
20230718112220.0 |
| 008 |
871015t19851985dcu b 000 0 eng d |
| 019 |
|
|
|a 12076378
|a 12409877
|
| 035 |
|
|
|a (OCoLC)ocm26690156
|
| 035 |
|
|
|a (OCoLC)26690156
|z (OCoLC)12076378
|z (OCoLC)12409877
|
| 035 |
|
|
|a (OCoLC)ocm26690156
|
| 040 |
|
|
|a NUI
|b eng
|e rda
|c NUI
|d EEM
|d OCLCQ
|d PMC
|d OCLCQ
|d OCLCF
|d OCLCQ
|d OCLCO
|d OCLCA
|d ORE
|d OCLCO
|
| 043 |
|
|
|a n-us---
|
| 050 |
|
4 |
|a UG1530
|b .S4 1985
|
| 082 |
0 |
4 |
|a 358.17
|b S44s
|
| 100 |
1 |
|
|a Sedacca, Sandra,
|e author.
|
| 245 |
1 |
0 |
|a Star wars :
|b questions and answers on the space weapons debate.
|
| 264 |
|
1 |
|a Washington, D.C. :
|b Common Cause,
|c [1985]
|
| 264 |
|
4 |
|c ©1985
|
| 300 |
|
|
|a 36 pages ;
|c 22 cm
|
| 336 |
|
|
|a text
|b txt
|2 rdacontent
|
| 337 |
|
|
|a unmediated
|b n
|2 rdamedia
|
| 338 |
|
|
|a volume
|b nc
|2 rdacarrier
|
| 500 |
|
|
|a Cover title.
|
| 500 |
|
|
|a "This study was written by Sandra Sedacca and Robert DeGrasse."--Page 2.
|
| 504 |
|
|
|a Includes bibliographical references (pages 35-36).
|
| 650 |
|
0 |
|a Strategic Defense Initiative.
|
| 650 |
|
0 |
|a Ballistic missile defenses.
|
| 650 |
|
6 |
|a Initiative de défense stratégique.
|
| 650 |
|
6 |
|a Défense antimissile balistique.
|
| 650 |
|
7 |
|a Ballistic missile defenses.
|2 fast
|0 (OCoLC)fst00826083
|
| 650 |
|
7 |
|a Strategic Defense Initiative.
|2 fast
|0 (OCoLC)fst01134336
|
| 700 |
1 |
|
|a DeGrasse, Robert,
|e author.
|
| 710 |
2 |
|
|a Common Cause (U.S.),
|e publisher.
|
| 776 |
0 |
8 |
|i Online version:
|a Sedacca, Sandra.
|t Star wars.
|d Washington, D.C. : Common Cause, ©1985
|w (OCoLC)572067459
|
| 948 |
|
|
|h HELD BY TXA - 40 OTHER HOLDINGS
|
| 994 |
|
|
|a Z0
|b TXA
|
| 999 |
f |
f |
|s 33fefb46-6c4c-3db0-b039-306983a60c94
|i f11b04e4-e421-3c62-9698-2b3835d29b6a
|t 0
|
| 952 |
f |
f |
|p ric
|a Texas A&M University
|b Rellis Campus
|c Joint Library Facility
|s JLF
|d Remote Storage
|t 0
|e UG1530 .S4 1985
|h Library of Congress classification
|i unmediated -- volume
|m A14812584570
|